[Event "Scarborough CC Jack Frost U1800"]
[Site "Toronto CAN"]
[Date "2012.02.09"]
[Round "6"]
[White "Thornton, Bill"]
[Black "Bellomo, Joe"]
[Result "1-0"]
[WhiteElo "1417"]
[BlackElo "1558"]
[PlyCount "89"]
[GameId "2160767909573202"]
[EventDate "2012.01.05"]
[EventType "swiss"]
[EventRounds "6"]
[EventCountry "CAN"]
[SourceTitle "EXT 2022"]
[Source "ChessBase"]
[SourceDate "2021.10.06"]
[SourceVersion "1"]
[SourceVersionDate "2021.10.06"]
[SourceQuality "1"]

1. d4 Nf6 2. c4 e6 3. Nc3 b6 4. Bf4 Bb7 5. e3 Be7 6. Nf3 c6 7. Bd3 O-O 8. O-O d5 9. Rc1 dxc4 10. Bxc4 Nbd7 11. Re1 Nd5 12. Bg3 Bf6 13. e4 Nxc3 14. Rxc3 Be7 15. a3 b5 16. Bd3 a5 17. Rc1 b4 18. a4 Qb6 19. b3 Rad8 20. Bf4 Nf6 21. Be3 Qc7 22. h3 Nd7 23. Qc2 Rfe8 24. d5 Ne5 25. Nxe5 Qxe5 26. f4 Qb8 27. dxe6 fxe6 28. Bc4 Bh4 29. Rf1 Kh8 30. Rcd1 Rxd1 31. Rxd1 Qc7 32. e5 c5 33. Rd6 Bc8 34. Bb5 Rd8 35. Qxc5 Qxc5 36. Bxc5 Rxd6 37. exd6 Bd8 38. Kf2 Kg8 39. Ke3 Kf7 40. g4 Bb7 41. Bc4 Bg2 42. f5 Bxh3 43. fxe6+ Kf8 44. e7+ Bxe7 45. dxe7+ 1-0

[Event "Scarborough CC Jack Frost U1800"]
[Site "Toronto CAN"]
[Date "2012.02.09"]
[Round "6"]
[White "Veecock, Carl"]
[Black "Super, Russell"]
[Result "0-1"]
[WhiteElo "1373"]
[BlackElo "1401"]
[PlyCount "125"]
[GameId "2160767909573203"]
[EventDate "2012.01.05"]
[EventType "swiss"]
[EventRounds "6"]
[EventCountry "CAN"]
[SourceTitle "EXT 2022"]
[Source "ChessBase"]
[SourceDate "2021.10.06"]
[SourceVersion "1"]
[SourceVersionDate "2021.10.06"]
[SourceQuality "1"]

1. Nf3 d6 2. g3 e5 3. d3 Nf6 4. Bg2 Be7 5. O-O O-O 6. Nbd2 Nc6 7. c3 Be6 8. Re1 d5 9. e4 dxe4 10. Nxe4 Nxe4 11. dxe4 f6 12. Qxd8 Rfxd8 13. Be3 Rd7 14. Bf1 a6 15. b3 Rad8 16. Be2 Kh8 17. Rad1 b5 18. Rxd7 Rxd7 19. Rd1 Rxd1+ 20. Bxd1 Na5 21. Nd2 c5 22. f4 Nc6 23. f5 Bf7 24. Be2 g6 25. g4 Kg8 26. Kg2 Kf8 27. Kg3 Ke8 28. h4 Kd7 29. g5 gxf5 30. exf5 Kd6 31. Ne4+ Kd5 32. Nxf6+ Bxf6 33. gxf6 Ke4 34. Bf3+ Kxe3 35. Bxc6 e4 36. Bb7 a5 37. Bc6 b4 38. c4 Kd3 39. Kf4 e3 40. Be4+ Kd2 41. Bf3 h6 42. Ke5 Kc2 43. Kd6 Kb2 44. Kxc5 Kxa2 45. Bd1 e2 46. Bxe2 Kxb3 47. Kb5 Kc2 48. Kxa5 b3 49. c5 b2 50. Bf3 Kd3 51. c6 b1=Q 52. c7 Qa1+ 53. Kb6 Qxf6+ 54. Bc6 Qxf5 55. Kb7 Be6 56. Kb6 Kd4 57. Kb7 Bc8+ 58. Kb8 Qf8 59. Bb7 Bxb7+ 60. Kxb7 Qb4+ 61. Kc6 Qc5+ 62. Kb7 Qb5+ 63. Kc8 0-1

[Event "Scarborough CC Jack Frost U1800"]
[Site "Toronto CAN"]
[Date "2012.02.09"]
[Round "6"]
[White "Vyravanathan, Sobiga"]
[Black "Rutherdale, William"]
[Result "1/2-1/2"]
[WhiteElo "1514"]
[BlackElo "1691"]
[PlyCount "63"]
[GameId "2160767909573204"]
[EventDate "2012.01.05"]
[EventType "swiss"]
[EventRounds "6"]
[EventCountry "CAN"]
[SourceTitle "EXT 2022"]
[Source "ChessBase"]
[SourceDate "2021.10.06"]
[SourceVersion "1"]
[SourceVersionDate "2021.10.06"]
[SourceQuality "1"]

1. e4 e5 2. Nf3 Nc6 3. Bb5 a6 4. Ba4 Nf6 5. O-O Be7 6. Re1 b5 7. Bb3 d6 8. h3 O-O 9. c3 Na5 10. Bc2 c5 11. d4 Nd7 12. Be3 Nc4 13. Bc1 exd4 14. cxd4 Bf6 15. Nc3 Bb7 16. Nd5 Bxd5 17. exd5 Qc7 18. Qd3 g6 19. Rb1 Rfe8 20. Rxe8+ Rxe8 21. Bg5 Qd8 22. Bxf6 Qxf6 23. Bb3 Ncb6 24. dxc5 Nxc5 25. Qd1 Qf5 26. Rc1 Nxb3 27. Qxb3 Nxd5 28. Rd1 Nf4 29. Rxd6 Qb1+ 30. Qd1 Qxd1+ 31. Rxd1 Re2 32. Rd2 1/2-1/2

[Event "Scarborough CC Jack Frost U1800"]
[Site "Toronto CAN"]
[Date "2012.02.09"]
[Round "6"]
[White "Wang, Eric1"]
[Black "Li, Yinshi"]
[Result "1/2-1/2"]
[WhiteElo "1618"]
[BlackElo "1653"]
[PlyCount "41"]
[GameId "2160767909573205"]
[EventDate "2012.01.05"]
[EventType "swiss"]
[EventRounds "6"]
[EventCountry "CAN"]
[SourceTitle "EXT 2022"]
[Source "ChessBase"]
[SourceDate "2021.10.06"]
[SourceVersion "1"]
[SourceVersionDate "2021.10.06"]
[SourceQuality "1"]

1. d4 d5 2. c4 c6 3. Nf3 Nf6 4. g3 Bf5 5. Nbd2 e6 6. Bg2 Bd6 7. O-O O-O 8. b3 Nbd7 9. Bb2 Re8 10. Nh4 Qa5 11. Nxf5 exf5 12. a3 Ne4 13. b4 Qd8 14. Nxe4 fxe4 15. Qb3 Qg5 16. Bc1 Qh5 17. f3 dxc4 18. Qxc4 Nf6 19. Qc2 exf3 20. Bxf3 Ng4 21. e4 1/2-1/2

[Event "Scarborough CC Jack Frost U1800"]
[Site "Toronto CAN"]
[Date "2012.02.09"]
[Round "6"]
[White "Zhao, Harry"]
[Black "Verde, Pino"]
[Result "0-1"]
[WhiteElo "1303"]
[BlackElo "1610"]
[PlyCount "64"]
[GameId "2160767909573206"]
[EventDate "2012.01.05"]
[EventType "swiss"]
[EventRounds "6"]
[EventCountry "CAN"]
[SourceTitle "EXT 2022"]
[Source "ChessBase"]
[SourceDate "2021.10.06"]
[SourceVersion "1"]
[SourceVersionDate "2021.10.06"]
[SourceQuality "1"]

1. e4 d6 2. d4 Nf6 3. Nc3 Nbd7 4. Nf3 g6 5. Bc4 Bg7 6. O-O c6 7. h3 O-O 8. Be3 Nxe4 9. Nxe4 d5 10. Bd3 dxe4 11. Bxe4 Nf6 12. Bd3 Nd5 13. Bd2 Qb6 14. c4 Nf6 15. Bc3 Nh5 16. Bc2 Be6 17. b3 Qc7 18. Qc1 c5 19. Re1 Rad8 20. Qb2 Nf4 21. d5 Bxc3 22. Qxc3 Bxh3 23. gxh3 Nxh3+ 24. Kf1 Rd6 25. Re2 Rf6 26. Qe3 Qd6 27. Ne5 Nf4 28. Ng4 Nxe2 29. Nxf6+ Qxf6 30. Re1 Nd4 31. Bd3 Qh4 32. Qe4 Qh3+ 0-1

[Event "Scarborough CC Jack Frost U1800"]
[Site "Toronto CAN"]
[Date "2012.02.14"]
[Round "6"]
[White "Armstrong, Robert J"]
[Black "Kurkowski, Ken"]
[Result "0-1"]
[WhiteElo "1699"]
[BlackElo "1604"]
[PlyCount "56"]
[GameId "2160767909573207"]
[EventDate "2012.01.05"]
[EventType "swiss"]
[EventRounds "6"]
[EventCountry "CAN"]
[SourceTitle "EXT 2022"]
[Source "ChessBase"]
[SourceDate "2021.10.06"]
[SourceVersion "1"]
[SourceVersionDate "2021.10.06"]
[SourceQuality "1"]

1. g3 e5 2. Bg2 c6 3. c4 d5 4. Qb3 Nf6 5. Nc3 dxc4 6. Qxc4 Be6 7. Qa4 Nbd7 8. d3 Bc5 9. Ne4 Nxe4 10. Bxe4 O-O 11. h4 Nf6 12. Bg5 h6 13. Nf3 Qb6 14. O-O-O Ng4 15. Rdf1 Nxf2 16. Rh2 Nxe4 17. Qxe4 Bd4 18. b3 Qc5+ 19. Kd1 Qc3 20. Nxd4 exd4 21. Bxh6 Qa1+ 22. Bc1 Rae8 23. Qf4 Qxa2 24. Qxd4 Bxb3+ 25. Ke1 Re7 26. Rhf2 Qb1 27. Kd2 Qc2+ 28. Ke1 Qd1# 0-1

[Event "Scarborough CC Spring/Summer"]
[Site "Toronto CAN"]
[Date "2012.05.24"]
[Round "1"]
[White "Maister, Martin"]
[Black "Triefeldt, Jack"]
[Result "0-1"]
[WhiteElo "1734"]
[BlackElo "1773"]
[PlyCount "64"]
[GameId "2160767909509252"]
[EventDate "2012.05.24"]
[EventType "swiss"]
[EventRounds "6"]
[EventCountry "CAN"]

1. Nf3 Nf6 2. c4 d6 3. d4 g6 4. g3 Bg7 5. Bg2 Nbd7 6. O-O O-O 7. Nc3 e5 8. h3 c6 9. b3 e4 10. Ne1 d5 11. e3 Re8 12. cxd5 cxd5 13. Nc2 Nb6 14. Ba3 Be6 15. Rc1 Qd7 16. Kh2 Bf8 17. Bxf8 Kxf8 18. Qd2 Rac8 19. f3 Bf5 20. f4 h5 21. Rg1 Rc7 22. Bf1 a6 23. Ne2 Qd6 24. g4 hxg4 25. Ng3 Ke7 26. Nxf5+ gxf5 27. hxg4 Nxg4+ 28. Kg3 Rg8 29. Bh3 Nxe3+ 30. Kf2 Qxf4+ 31. Ke2 Qf3+ 32. Ke1 Rxg1+ 0-1

[Event "Scarborough CC Spring/Summer"]
[Site "Toronto CAN"]
[Date "2012.05.31"]
[Round "2"]
[White "Krupka, David"]
[Black "Zotkin, Daniel"]
[Result "1-0"]
[WhiteElo "2009"]
[BlackElo "1761"]
[PlyCount "53"]
[GameId "2160767909509253"]
[EventDate "2012.05.24"]
[EventType "swiss"]
[EventRounds "6"]
[EventCountry "CAN"]

1. c4 e6 2. Nc3 Nf6 3. d4 d5 4. Nf3 Nbd7 5. cxd5 exd5 6. Bg5 c6 7. e3 Bd6 8. Bd3 O-O 9. Qc2 h6 10. Bh4 Re8 11. O-O-O b5 12. Rdg1 Qc7 13. g4 b4 14. Na4 Ne4 15. Nd2 Nxd2 16. Kxd2 Bb7 17. g5 hxg5 18. Bxg5 Qa5 19. b3 Nb6 20. Bf6 Bf8 21. Nc5 Bc8 22. Rg5 Nd7 23. Nxd7 Bxd7 24. Rhg1 Rac8 25. Bh7+ Kh8 26. Rxg7 Bxg7 27. Bxg7# 1-0

[Event "Scarborough CC Spring/Summer"]
[Site "Toronto CAN"]
[Date "2012.05.31"]
[Round "2"]
[White "Triefeldt, Jack"]
[Black "Picana, Andrew"]
[Result "0-1"]
[WhiteElo "1773"]
[BlackElo "2044"]
[PlyCount "58"]
[GameId "2160767909509254"]
[EventDate "2012.05.24"]
[EventType "swiss"]
[EventRounds "6"]
[EventCountry "CAN"]

1. d4 Nf6 2. Nf3 b6 3. g3 Bb7 4. Bg2 e6 5. Nc3 Be7 6. O-O O-O 7. Re1 d6 8. e4 Nbd7 9. b3 c5 10. Bb2 cxd4 11. Nxd4 Qb8 12. Na4 Re8 13. c4 a6 14. Rc1 Qc7 15. Qc2 Rac8 16. Qb1 Bf8 17. h3 g6 18. Rcd1 Bg7 19. Nc2 b5 20. Nc3 bxc4 21. bxc4 Ne5 22. Na3 Nh5 23. Ne2 Rb8 24. Qc1 Bc6 25. f4 Rxb2 26. fxe5 Bxe5 27. g4 Qb6+ 28. Kf1 Ng3+ 29. Nxg3 Qf2# 0-1

[Event "Scarborough CC Spring/Summer U1400"]
[Site "Toronto CAN"]
[Date "2012.05.24"]
[Round "1"]
[White "Marcelino, Daryl"]
[Black "Paraparan, Varshini"]
[Result "1/2-1/2"]
[WhiteElo "975"]
[BlackElo "1170"]
[PlyCount "94"]
[GameId "2160767909509255"]
[EventDate "2012.05.24"]
[EventType "swiss"]
[EventRounds "6"]
[EventCountry "CAN"]

1. e4 e5 2. Nf3 Nc6 3. Bb5 a6 4. Ba4 Nf6 5. O-O Be7 6. d3 b5 7. Bb3 O-O 8. Be3 d5 9. Bxd5 Nxd5 10. exd5 Qxd5 11. Nc3 Qd8 12. a3 Bg4 13. h3 Bh5 14. g4 Bg6 15. Ne4 Bxe4 16. dxe4 Qc8 17. Qd5 Qe6 18. Qxe6 fxe6 19. Nh2 Rad8 20. Rad1 Nd4 21. Rd2 Nf3+ 22. Nxf3 Rxf3 23. Rxd8+ Bxd8 24. Kg2 Rf7 25. Rd1 Bh4 26. Bc5 Rf4 27. f3 Bg5 28. b3 Rf7 29. c4 Bh4 30. cxb5 axb5 31. a4 c6 32. a5 Be7 33. Bxe7 Rxe7 34. b4 Kf7 35. Kf2 Rc7 36. Ke2 c5 37. Rc1 c4 38. Kd2 Rd7+ 39. Kc2 Ra7 40. Ra1 Ra6 41. h4 Kg6 42. Kd2 h5 43. g5 Kf7 44. Ke3 Ke7 45. f4 exf4+ 46. Kxf4 Kd6 47. Rd1+ Ke7 1/2-1/2

[Event "Scarborough CC Spring/Summer U1400"]
[Site "Toronto CAN"]
[Date "2012.05.31"]
[Round "2"]
[White "He, Oliver"]
[Black "Wang, Edward"]
[Result "0-1"]
[WhiteElo "586"]
[BlackElo "1105"]
[PlyCount "48"]
[GameId "2160767909509256"]
[EventDate "2012.05.24"]
[EventType "swiss"]
[EventRounds "6"]
[EventCountry "CAN"]

1. e4 c6 2. Nf3 g6 3. Bc4 d5 4. exd5 cxd5 5. Bb5+ Bd7 6. Bxd7+ Nxd7 7. O-O e5 8. Re1 e4 9. Nd4 Bg7 10. c3 Ngf6 11. f3 O-O 12. fxe4 dxe4 13. d3 exd3 14. Qxd3 Nc5 15. Qd2 Nfe4 16. Qd1 Qf6 17. Rf1 Qd6 18. Ne2 Qb6 19. Ng3 Nd3+ 20. Be3 Qxe3+ 21. Kh1 Nef2+ 22. Rxf2 Nxf2+ 23. Kg1 Nh3+ 24. Kf1 Qf2# 0-1

[Event "Scarborough CC Spring/Summer U1400"]
[Site "Toronto CAN"]
[Date "2012.05.31"]
[Round "2"]
[White "Liu, Daniel"]
[Black "Sekar, Varun"]
[Result "1-0"]
[WhiteElo "1099"]
[BlackElo "1262"]
[PlyCount "97"]
[GameId "2160767909509257"]
[EventDate "2012.05.24"]
[EventType "swiss"]
[EventRounds "6"]
[EventCountry "CAN"]

1. e4 e5 2. Nf3 Nc6 3. Bc4 Bc5 4. Nc3 Nf6 5. O-O O-O 6. d3 h6 7. Re1 d6 8. h3 Re8 9. a3 Ne7 10. Qe2 Ng6 11. Nd5 c6 12. Nxf6+ Qxf6 13. b4 Bb6 14. c3 Be6 15. Bxe6 Rxe6 16. c4 c5 17. Be3 Rc8 18. b5 Nf4 19. Qd2 Nxh3+ 20. gxh3 Qxf3 21. Kh2 f5 22. exf5 Qxf5 23. Rg1 Qh5 24. a4 Rf8 25. a5 Bd8 26. a6 b6 27. Rg2 Rf3 28. Rg3 Rxg3 29. fxg3 Qf3 30. Qf2 Qxf2+ 31. Bxf2 Rf6 32. Be3 Rf3 33. Re1 g5 34. Kg2 Rf6 35. Rf1 Rxf1 36. Kxf1 Kf7 37. Kf2 Ke6 38. Kf3 d5 39. g4 e4+ 40. Ke2 dxc4 41. dxc4 Bc7 42. Bf2 Bf4 43. Bg1 e3 44. Kd3 Ke5 45. Bxe3 Bh2 46. Bxc5 bxc5 47. b6 axb6 48. a7 Ke6 49. a8=Q 1-0

[Event "Scarborough CC Spring/Summer U1800"]
[Site "Toronto CAN"]
[Date "2012.05.24"]
[Round "1"]
[White "Dattani, Dinesh"]
[Black "Fan, Yibing"]
[Result "1/2-1/2"]
[WhiteElo "1426"]
[BlackElo "1715"]
[PlyCount "53"]
[GameId "2160767909509258"]
[EventDate "2012.05.24"]
[EventType "swiss"]
[EventRounds "6"]
[EventCountry "CAN"]

1. d4 Nf6 2. g3 e6 3. Bg2 d5 4. Nf3 c5 5. c3 Nc6 6. O-O Bd6 7. Bg5 h6 8. Bc1 b6 9. b3 cxd4 10. Nxd4 Nxd4 11. cxd4 Qe7 12. Nc3 Bd7 13. Re1 O-O 14. e4 Bb4 15. exd5 Bxc3 16. dxe6 fxe6 17. Bxa8 Rxa8 18. Qf3 Nd5 19. Qxd5 Rf8 20. Ba3 Qxa3 21. Qxd7 Bxa1 22. Qxe6+ Kh8 23. Rxa1 Qb2 24. Qe1 Qxd4 25. Rd1 Qb2 26. Rd2 Qc3 27. Re2 1/2-1/2

[Event "Scarborough CC Spring/Summer U1800"]
[Site "Toronto CAN"]
[Date "2012.05.24"]
[Round "1"]
[White "Liang, Phillip"]
[Black "Mesiti, Silvano"]
[Result "0-1"]
[WhiteElo "1731"]
[BlackElo "1549"]
[PlyCount "102"]
[GameId "2160767909509259"]
[EventDate "2012.05.24"]
[EventType "swiss"]
[EventRounds "6"]
[EventCountry "CAN"]

1. e4 e5 2. Nf3 d6 3. d4 exd4 4. Qxd4 Nc6 5. Bb5 Bd7 6. Bxc6 Bxc6 7. Nc3 Nf6 8. O-O Be7 9. Re1 O-O 10. Bg5 Re8 11. Rad1 Nd7 12. Bxe7 Rxe7 13. Nd5 Re6 14. c4 Ne5 15. Nd2 Bxd5 16. exd5 Rg6 17. Re3 h6 18. Rg3 Rxg3 19. hxg3 a6 20. Nf1 Qd7 21. b3 Re8 22. Qd2 Ng4 23. Re1 Rxe1 24. Qxe1 Kf8 25. f3 Ne5 26. Qe4 g6 27. g4 Qe7 28. Ne3 Qh4 29. Nc2 h5 30. gxh5 Qxh5 31. Nd4 Qh6 32. Qe2 Qf4 33. Nc2 Qc1+ 34. Ne1 Qa1 35. Kh2 Qd4 36. g3 Qc3 37. f4 Nd7 38. Nf3 Qh8+ 39. Kg2 Qh5 40. Qe3 b6 41. Ng5 Qh8 42. Nxf7 Qb2+ 43. Kf3 Qxa2 44. Nd8 Qb2 45. Ne6+ Kg8 46. Nxc7 Nc5 47. Qe8+ Kh7 48. Ne6 Qxb3+ 49. Kg4 Qd1+ 50. Kg5 Ne4+ 51. Kh4 Qh5# 0-1

[Event "Scarborough CC Spring/Summer U1800"]
[Site "Toronto CAN"]
[Date "2012.05.24"]
[Round "1"]
[White "Ugodnikov, Arkadiy"]
[Black "Crnilovic, Grisha"]
[Result "1-0"]
[WhiteElo "1673"]
[BlackElo "1502"]
[PlyCount "88"]
[GameId "2160767909509260"]
[EventDate "2012.05.24"]
[EventType "swiss"]
[EventRounds "6"]
[EventCountry "CAN"]

1. e4 e5 2. Nf3 Nc6 3. Bb5 f5 4. d3 Nf6 5. Nc3 d6 6. a3 fxe4 7. dxe4 Bg4 8. Qd3 Be7 9. Be3 O-O 10. Bc4+ Kh8 11. Ng5 Qe8 12. Ne6 Bxe6 13. Bxe6 Qh5 14. h3 Nd8 15. Bb3 Ng4 16. Qe2 Nf6 17. Qxh5 Nxh5 18. Nd5 Nc6 19. Nxc7 Rac8 20. Nd5 Nf6 21. Nxe7 Nxe7 22. f3 Nc6 23. O-O-O Rfd8 24. Be6 Rc7 25. g4 Re7 26. Bb3 Red7 27. Ba4 d5 28. exd5 Nxd5 29. Bg5 Rf8 30. c4 Nb6 31. Rxd7 Nxd7 32. Bxc6 bxc6 33. Rd1 Rf7 34. Rd6 h6 35. Bd2 Nb6 36. c5 Nc4 37. Rxc6 Rxf3 38. Rc8+ Kh7 39. c6 e4 40. c7 Rf1+ 41. Kc2 Rf2 42. Rh8+ Kxh8 43. c8=Q+ Kh7 44. Qxc4 e3 1-0

[Event "Scarborough CC Spring/Summer U1800"]
[Site "Toronto CAN"]
[Date "2012.05.31"]
[Round "2"]
[White "Song, Eric"]
[Black "Michelashvili, Alexandre"]
[Result "0-1"]
[WhiteElo "1606"]
[BlackElo "1484"]
[PlyCount "54"]
[GameId "2160767909509261"]
[EventDate "2012.05.24"]
[EventType "swiss"]
[EventRounds "6"]
[EventCountry "CAN"]

1. e4 e5 2. Nf3 Nc6 3. Bb5 a6 4. Ba4 Nf6 5. O-O b5 6. Bb3 Be7 7. Re1 O-O 8. c3 d5 9. exd5 Nxd5 10. Nxe5 Nxe5 11. Rxe5 Nf6 12. Re1 Bd6 13. d4 Ng4 14. h3 Qh4 15. Qf3 h5 16. Re8 Bb7 17. Qxf7+ Kh8 18. Rxf8+ Rxf8 19. Qxf8+ Bxf8 20. hxg4 Qxg4 21. d5 Bxd5 22. Kf1 Bxb3 23. f3 Bc4+ 24. Kf2 Bc5+ 25. Be3 Qh4+ 26. g3 Qh2+ 27. Ke1 Qe2# 0-1

[Event "Scarborough CC Spring/Summer U1800"]
[Site "Toronto CAN"]
[Date "2012.05.31"]
[Round "2"]
[White "Tismenko, Dennis"]
[Black "Graham, John"]
[Result "1-0"]
[WhiteElo "1518"]
[BlackElo "1464"]
[PlyCount "53"]
[GameId "2160767909509262"]
[EventDate "2012.05.24"]
[EventType "swiss"]
[EventRounds "6"]
[EventCountry "CAN"]

1. e4 c5 2. Nc3 Nc6 3. f4 e6 4. Nf3 Nge7 5. Bc4 a6 6. a4 Na5 7. Ba2 b6 8. O-O Bb7 9. d3 d5 10. Qe1 dxe4 11. dxe4 g6 12. Be3 Bg7 13. Rd1 Qc7 14. e5 Rd8 15. Qe2 O-O 16. Ng5 Qc8 17. Qg4 Nf5 18. Qh3 h6 19. Nge4 Qc6 20. Bf2 c4 21. Ng3 Ne7 22. Nge4 Nf5 23. Bh4 Nxh4 24. Qxh4 Rde8 25. Rd6 g5 26. fxg5 hxg5 27. Qxg5 1-0

[Event "Scarborough CC Winter End"]
[Site "Toronto CAN"]
[Date "2012.02.16"]
[Round "1"]
[White "Fan, Yibing"]
[Black "Sharpe, Sam"]
[Result "0-1"]
[WhiteElo "1759"]
[BlackElo "1998"]
[PlyCount "84"]
[GameId "2160767909576327"]
[EventDate "2012.02.16"]
[EventType "swiss"]
[EventRounds "5"]
[EventCountry "CAN"]
[SourceTitle "EXT 2022"]
[Source "ChessBase"]
[SourceDate "2021.10.06"]
[SourceVersion "1"]
[SourceVersionDate "2021.10.06"]
[SourceQuality "1"]

1. d4 e6 2. c4 d5 3. Nc3 Be7 4. cxd5 exd5 5. Bf4 Nf6 6. e3 O-O 7. Bd3 c6 8. Qc2 a5 9. h3 Na6 10. a3 Nc7 11. Nf3 Ne6 12. Be5 g6 13. h4 Ng7 14. Bxf6 Bxf6 15. h5 Bf5 16. hxg6 fxg6 17. Kd2 Bxd3 18. Qxd3 b5 19. Ne2 b4 20. a4 c5 21. b3 Ne6 22. Rh3 cxd4 23. Rah1 Nc5 24. Qb1 dxe3+ 25. fxe3 Ne4+ 26. Ke1 Ra7 27. Ned4 Qc8 28. Nb5 Re7 29. Qd1 Nc3 30. Qd3 Nxb5 31. Qxd5+ Kh8 32. axb5 Qc1+ 33. Ke2 Qxe3+ 34. Kf1 Bd4 35. Rxh7+ Rxh7 36. Rxh7+ Kxh7 37. Qd7+ Kg8 38. Qd5+ Rf7 39. Qd8+ Kg7 40. Qh4 Rxf3+ 41. gxf3 Qxf3+ 42. Ke1 Bc3# 0-1

[Event "Scarborough CC Winter End"]
[Site "Toronto CAN"]
[Date "2012.02.16"]
[Round "1"]
[White "Huston, Scott"]
[Black "Lamb, Bryan"]
[Result "0-1"]
[WhiteElo "1804"]
[BlackElo "2125"]
[PlyCount "143"]
[GameId "2160767909576328"]
[EventDate "2012.02.16"]
[EventType "swiss"]
[EventRounds "5"]
[EventCountry "CAN"]
[SourceTitle "EXT 2022"]
[Source "ChessBase"]
[SourceDate "2021.10.06"]
[SourceVersion "1"]
[SourceVersionDate "2021.10.06"]
[SourceQuality "1"]

1. d4 Nf6 2. c4 e6 3. Nc3 Bb4 4. e3 b6 5. Nf3 Bb7 6. a3 Bxc3+ 7. bxc3 O-O 8. Bd3 Ne4 9. Qc2 f5 10. O-O d6 11. Nd2 Qh4 12. f3 Ng5 13. e4 fxe4 14. Nxe4 Nxe4 15. Bxe4 Bxe4 16. Qxe4 Qxe4 17. fxe4 Rxf1+ 18. Kxf1 c5 19. Bf4 e5 20. dxe5 dxe5 21. Bxe5 Nc6 22. Bg3 Rd8 23. Ke2 Na5 24. Rd1 Rxd1 25. Kxd1 Nxc4 26. Kc2 Nxa3+ 27. Kb3 Nb5 28. Kc4 a6 29. Be5 Kf7 30. Kd5 Na3 31. c4 Nc2 32. Kc6 Ne3 33. Kd7 Ng4 34. Bb2 Nf6+ 35. Kc6 Nxe4 36. Kxb6 g5 37. Ba3 Ke6 38. Kxa6 Nd6 39. Bxc5 Nxc4 40. Kb5 Nb2 41. Be3 Kf5 42. Kc5 Nd3+ 43. Kd4 Ne1 44. g3 Nf3+ 45. Kd3 Nxh2 46. Ke2 Ng4 47. Bd2 Ne5 48. Kf2 Kg4 49. Kg2 Nc4 50. Bb4 Ne3+ 51. Kh2 Nf1+ 52. Kg2 Nxg3 53. Be7 Nf5 54. Bd8 h5 55. Kh2 Nd4 56. Kg2 Ne6 57. Be7 Ng7 58. Bd8 Nf5 59. Bb6 Nh4+ 60. Kf2 Kh3 61. Bd8 g4 62. Bc7 Nf5 63. Bf4 h4 64. Kg1 g3 65. Bc7 Nd4 66. Bb6 Nf3+ 67. Kf1 Kh2 68. Ke2 Ng5 69. Bc7 Kh1 70. Bb6 g2 71. Kf2 g1=Q+ 72. Ke2 0-1

[Event "Scarborough CC Winter End"]
[Site "Toronto CAN"]
[Date "2012.02.16"]
[Round "1"]
[White "Nasirov, Ilyas"]
[Black "Stavropoulos, Greg"]
[Result "1-0"]
[WhiteElo "2003"]
[BlackElo "1761"]
[PlyCount "65"]
[GameId "2160767909576329"]
[EventDate "2012.02.16"]
[EventType "swiss"]
[EventRounds "5"]
[EventCountry "CAN"]
[SourceTitle "EXT 2022"]
[Source "ChessBase"]
[SourceDate "2021.10.06"]
[SourceVersion "1"]
[SourceVersionDate "2021.10.06"]
[SourceQuality "1"]

1. d4 Nf6 2. c4 c5 3. e3 g6 4. Nc3 Bg7 5. Nf3 O-O 6. Be2 d5 7. dxc5 dxc4 8. Qxd8 Rxd8 9. Bxc4 Na6 10. Bxa6 bxa6 11. O-O Bf5 12. Nd4 Rac8 13. b4 Ne4 14. Nxe4 Bxe4 15. Bb2 e5 16. Nb3 Bc2 17. Na5 Rd2 18. Nc4 Rd5 19. Rfc1 Bd3 20. Nd6 Rc6 21. e4 Rd4 22. Bxd4 exd4 23. a4 Be2 24. b5 axb5 25. axb5 Rc7 26. b6 axb6 27. cxb6 Rxc1+ 28. Rxc1 Be5 29. Rc8+ Kg7 30. Ne8+ Kh6 31. b7 d3 32. Rd8 g5 33. Nd6 1-0

[Event "Scarborough CC Winter End"]
[Site "Toronto CAN"]
[Date "2012.02.16"]
[Round "1"]
[White "Paterson, Jim"]
[Black "Southam, David"]
[Result "0-1"]
[WhiteElo "1858"]
[BlackElo "2214"]
[PlyCount "48"]
[GameId "2160767909576330"]
[EventDate "2012.02.16"]
[EventType "swiss"]
[EventRounds "5"]
[EventCountry "CAN"]
[SourceTitle "EXT 2022"]
[Source "ChessBase"]
[SourceDate "2021.10.06"]
[SourceVersion "1"]
[SourceVersionDate "2021.10.06"]
[SourceQuality "1"]

1. d4 e6 2. c4 f5 3. g3 Nf6 4. Bg2 c6 5. Nf3 d5 6. O-O Bd6 7. b3 Qe7 8. a4 b6 9. Ba3 Nbd7 10. Bxd6 Qxd6 11. Nbd2 O-O 12. Qc2 Ne4 13. Rac1 Bb7 14. cxd5 exd5 15. e3 Rac8 16. Nxe4 fxe4 17. Nd2 Ba6 18. Rfe1 Qh6 19. b4 Bd3 20. Qa2 Rxf2 21. b5 Rcf8 22. bxc6 Rxg2+ 23. Kxg2 Rf2+ 24. Kxf2 Qxh2# 0-1

[Event "Scarborough CC Winter End"]
[Site "Toronto CAN"]
[Date "2012.02.16"]
[Round "1"]
[White "Song, Michael"]
[Black "Manalo, Pepin"]
[Result "1-0"]
[WhiteElo "2184"]
[BlackElo "1857"]
[PlyCount "91"]
[GameId "2160767909576331"]
[EventDate "2012.02.16"]
[EventType "swiss"]
[EventRounds "5"]
[EventCountry "CAN"]
[SourceTitle "EXT 2022"]
[Source "ChessBase"]
[SourceDate "2021.10.06"]
[SourceVersion "1"]
[SourceVersionDate "2021.10.06"]
[SourceQuality "1"]

1. d4 Nf6 2. c4 g6 3. g3 Bg7 4. Bg2 c5 5. d5 d6 6. Nc3 O-O 7. Nf3 Na6 8. O-O Bd7 9. e4 Ng4 10. Bf4 f6 11. h3 Ne5 12. Nxe5 fxe5 13. Bg5 Nc7 14. a4 h6 15. Be3 a6 16. Qd2 Kh7 17. a5 Qe8 18. Rab1 Rb8 19. b4 cxb4 20. Rxb4 Na8 21. Rfb1 Qc8 22. Kh2 Qc7 23. Qa2 Rf6 24. Ba7 Rc8 25. Rxb7 Qxc4 26. Qxc4 Rxc4 27. Rxd7 Rxc3 28. Rxe7 Rc7 29. Rb7 Rxe7 30. Rxe7 g5 31. Bf1 Rf3 32. Be3 Rf8 33. Bxa6 Kg6 34. Re6+ Rf6 35. Rxf6+ Bxf6 36. Bb7 Nc7 37. a6 Nxa6 38. Bxa6 Be7 39. Bb6 h5 40. Kg2 Kf7 41. Kf3 Kg6 42. Ke3 h4 43. Kd3 Kh5 44. g4+ Kg6 45. Kc4 Kf7 46. Kb5 1-0

[Event "Scarborough CC Winter End"]
[Site "Toronto CAN"]
[Date "2012.02.16"]
[Round "1"]
[White "Ugodnikov, Arkadiy"]
[Black "Krupka, David"]
[Result "1-0"]
[WhiteElo "1781"]
[BlackElo "2015"]
[PlyCount "78"]
[GameId "2160767909576332"]
[EventDate "2012.02.16"]
[EventType "swiss"]
[EventRounds "5"]
[EventCountry "CAN"]
[SourceTitle "EXT 2022"]
[Source "ChessBase"]
[SourceDate "2021.10.06"]
[SourceVersion "1"]
[SourceVersionDate "2021.10.06"]
[SourceQuality "1"]

1. e4 e5 2. Nf3 Nc6 3. Bb5 a6 4. Ba4 Nf6 5. d3 d6 6. c3 g6 7. O-O Bg7 8. h3 O-O 9. Bg5 h6 10. Be3 Kh7 11. Bc2 d5 12. Bc5 Re8 13. Nbd2 b6 14. Ba3 d4 15. cxd4 exd4 16. Bb3 Qd7 17. Rc1 Na5 18. Ba4 b5 19. Bc2 Nc6 20. Bc5 Nh5 21. Nh2 Nf4 22. Ndf3 Nxg2 23. Kxg2 Qxh3+ 24. Kg1 Be5 25. Nxe5 Rxe5 26. f4 Rxc5 27. Bb3 Rh5 28. Qd2 Qd7 29. Bd1 Rh4 30. Qf2 Rxh2 31. Qxh2 Nb4 32. f5 c6 33. fxg6+ fxg6 34. Be2 Nxa2 35. Rce1 Nb4 36. Rf4 Qe7 37. Ref1 Be6 38. Rh4 Qg7 39. Qd6 Nc2 1-0